Detalles MARC
| 000 -CABECERA |
| Longitud fija campo de control |
01442nam a2200421.c 4500 |
| 001 - NÚMERO DE CONTROL |
| Número de control |
52127 |
| 003 - IDENTIFICADOR DE NÚMERO DE CONTROL |
| Identificador del número de control |
ES-MaCES |
| 005 - FECHA Y HORA DE LA ÚLTIMA TRANSACCIÓN |
| Fecha y hora de la última transacción |
20250203133800.0 |
| 008 - CAMPO FIJO DE DESCRIPCIÓN FIJA--INFORMACIÓN GENERAL |
| Códigos de información de longitud fija |
220222s2022 ge ||||| |||||||||||eng|d |
| 020 ## - ISBN (INTERNATIONAL STANDARD BOOK NUMBER) |
| Número Internacional Normalizado para Libros (ISBN) |
9783110681123 |
| 040 ## - FUENTE DE CATALOGACIÓN |
| Centro catalogador de origen |
ES-MaCES |
| Lengua de catalogación |
spa |
| Centro transcriptor |
ES-MaCES |
| Centro modificado |
ES-MaCES |
| 100 1# - ENCABEZAMIENTO PRINCIPAL--NOMBRE PERSONAL |
| 9 (RLIN) |
40198 |
| Nombre de persona |
Pustisek, Matevz |
| 245 10 - MENCIÓN DE TÍTULO |
| Título |
Blockchain |
| Resto del título |
: technology and applications for industry 4.0, smart energy, and smart cities |
| Mención de responsabilidad, etc. |
Matevz Pustisek, Natasa Zivic, Andrej Kos |
| 260 ## - PUBLICACIÓN, DISTRIBUCIÓN, ETC (PIE DE IMPRENTA) |
| Lugar de publicación, distribución, etc. |
Berlin |
| Nombre del editor, distribuidor, etc. |
Walter de Gruyter GmbH |
| Fecha de publicación, distribución, etc. |
[2022] |
| 300 ## - DESCRIPCIÓN FÍSICA |
| Extensión |
XII, 159 p. |
| Dimensiones |
24 cm |
| 500 ## - NOTA GENERAL |
| Nota general |
La autorías contiene caracteres irreproducibles por el centro catalogador |
| 500 ## - NOTA GENERAL |
| Nota general |
Índices |
| 541 ## - NOTA DE LA FUENTE INMEDIANTE DE ADQUISICIÓN |
| Forma de adquisición |
Compra |
| 650 #4 - ASIENTO SECUNDARIO DE MATERIA--TÉRMINO DE MATERIA |
| 9 (RLIN) |
30788 |
| Término de materia o nombre geográfico como elemento inicial |
nuevas tecnologías |
| 650 #4 - ASIENTO SECUNDARIO DE MATERIA--TÉRMINO DE MATERIA |
| 9 (RLIN) |
30104 |
| Término de materia o nombre geográfico como elemento inicial |
tecnología de la información |
| 650 #4 - ASIENTO SECUNDARIO DE MATERIA--TÉRMINO DE MATERIA |
| 9 (RLIN) |
30572 |
| Término de materia o nombre geográfico como elemento inicial |
Internet |
| 650 #4 - ASIENTO SECUNDARIO DE MATERIA--TÉRMINO DE MATERIA |
| 9 (RLIN) |
30575 |
| Término de materia o nombre geográfico como elemento inicial |
protocolo de red |
| 650 #4 - ASIENTO SECUNDARIO DE MATERIA--TÉRMINO DE MATERIA |
| 9 (RLIN) |
30732 |
| Término de materia o nombre geográfico como elemento inicial |
evaluación del impacto |
| 650 #4 - ASIENTO SECUNDARIO DE MATERIA--TÉRMINO DE MATERIA |
| 9 (RLIN) |
27269 |
| Término de materia o nombre geográfico como elemento inicial |
sociedad |
| 650 #4 - ASIENTO SECUNDARIO DE MATERIA--TÉRMINO DE MATERIA |
| 9 (RLIN) |
27286 |
| Término de materia o nombre geográfico como elemento inicial |
cambio social |
| 650 #4 - ASIENTO SECUNDARIO DE MATERIA--TÉRMINO DE MATERIA |
| 9 (RLIN) |
30015 |
| Término de materia o nombre geográfico como elemento inicial |
sector económico |
| 650 #4 - ASIENTO SECUNDARIO DE MATERIA--TÉRMINO DE MATERIA |
| 9 (RLIN) |
27618 |
| Término de materia o nombre geográfico como elemento inicial |
sector industrial |
| 650 #4 - ASIENTO SECUNDARIO DE MATERIA--TÉRMINO DE MATERIA |
| 9 (RLIN) |
28016 |
| Término de materia o nombre geográfico como elemento inicial |
transportes |
| 650 #4 - ASIENTO SECUNDARIO DE MATERIA--TÉRMINO DE MATERIA |
| 9 (RLIN) |
27855 |
| Término de materia o nombre geográfico como elemento inicial |
industria de vehículos a motor |
| 650 #4 - ASIENTO SECUNDARIO DE MATERIA--TÉRMINO DE MATERIA |
| 9 (RLIN) |
31014 |
| Término de materia o nombre geográfico como elemento inicial |
industria energética |
| 650 #4 - ASIENTO SECUNDARIO DE MATERIA--TÉRMINO DE MATERIA |
| 9 (RLIN) |
28620 |
| Término de materia o nombre geográfico como elemento inicial |
planificación urbana |
| 650 #4 - ASIENTO SECUNDARIO DE MATERIA--TÉRMINO DE MATERIA |
| 9 (RLIN) |
28846 |
| Término de materia o nombre geográfico como elemento inicial |
estudio de casos |
| 653 10 - TÉRMINO DE INDEXACIÓN--NO CONTROLADO |
| Término no controlado |
Transporte-Comunicaciones |
| 700 1# - ENCABEZAMIENTO SECUNDARIO--NOMBRE PERSONAL |
| 9 (RLIN) |
40199 |
| Nombre de persona |
Zivic, Natasa |
| 700 1# - ENCABEZAMIENTO SECUNDARIO--NOMBRE PERSONAL |
| 9 (RLIN) |
40200 |
| Nombre de persona |
Kos, Andrej |
| 902 ## - CES. TIPO DE DOCUMENTO |
| Tipodoc (006$c Sirtex) |
LIB Libro |
| 942 ## - ELEMENTOS KOHA |
| Fuente de clasificaión o esquema |
Clasificación propia del CES |
| Koha [por defecto] tipo de item |
Monografías |
| Parte de clasificación |
Políticas Sectoriales |